かいりきベアの楽曲 - Statistics

General Stats
  • This quiz has been taken 99 times
  • The average score is 16 of 58
Answer Stats
曲名 % Correct
ベノム
90%
バグ
85%
ルマ
76%
ダーリンダンス
72%
失敗作少女
59%
アンヘル
57%
アルカリレットウセイ
56%
メンタルチェンソー
54%
メロメロイド
43%
アイ情劣等生
42%
マオ
42%
セイデンキニンゲン
38%
レミングミング
38%
イナイイナイ依存症
37%
アナタサマ
33%
イヤガール
32%
バラバラココロ
32%
ヒトサマアレルギー
32%
病み垢ステロイド
32%
カーニバルハッピー
30%
マイナスレッテル
29%
ロジカ
28%
ダウンタイマー
27%
ネロイズム
27%
爆砕プリン
27%
アンハッピーバースデイ
25%
ココロナンセンス
25%
マネマネサイコトロピック
24%
完全懲悪ロリィタコンプレックス
22%
テレストテレス
19%
ドリームキラー
19%
アイソワライ
18%
悪性ロリィタマキャヴェリズム
16%
暴走ロリィタホリック
16%
ウルサイマン
15%
スターリースタート
15%
ローラー
15%
ワカレノオト。
15%
×
14%
シアワセトリッパー
14%
二次元セカイ解放宣言
13%
ビータ
13%
マグメル
13%
リラルラドリーミング
13%
クロクロクロ
11%
渚色ロマンス
11%
マリオネ
11%
メアメア
11%
メスト
11%
ユメウツツ空想論
11%
PIECE
11%
アナタノヌクモリ
10%
ウダウダウダ
10%
スーパーノヴァ/Aqu3ra・かいりきベア
10%
マヤカシハッピーエンド
9%
怪盗!パパパパパンサー
6%
電脳狂愛ガール
6%
ヘイセイカタクリズム
6%
No matching quizzes found
Score Distribution
Percent of People with Each Score
Percentile by Number Answered
Your Score History
You have not taken this quiz